000
00327nam a22001097a 4500
005
20250901165606.0
008
240115b |||||||| |||| 00| 0 eng d
050
_a
PS3551 .N454 .F47 2009
245
_a
FLOWERS IN THE ATTIC
_c
Andrews, V.C
260
_a
New York
_b
Pockets
942
_2
lcc
_h
PS3551 .N454 .F47 2009
999
_c
6366
_d
6366